000 00576nam a2200241Ia 4500
005 20251020182527.0
008 200515s9999 xx 000 0 und d
082 _a693.54/I59-P
245 0 _aProblemas en el concreto: causas y soluciones
260 _aMéxico DF.
260 _c1985
300 _aInstituto Mexicano del cemento y del concreto
500 _a1 ejemplar
650 _aADITIVOS
650 _aAGREGADO
650 _aARENA
650 _aBOMBAS
650 _aCEMENTO
650 _aCONCRETO
650 _aLIB
650 _aRESISTENCIA
942 _cLIB
999 _c1953
_d1953